Tributacin̤ de las clùsulas resolutorias en los contratos inmobiliarios

Bibliographic Details
Main Author: Marcos Cardona, Marta
Format: eBook
Language:Spanish
Published: Madrid: Dykinson, 2019
Subjects:
Online Access:Acceso restringido

MARC

LEADER 00000nam a22000007a 4500
005 20200522152328.0
007 cr|||| ||||
008 200522s2019 es |||||s|||| 00||0 spa d
020 |a 978-84-1324-592-8 
035 |a 31443 
040 |a vLex 
090 |c 10381  |d 10381 
100 1 |a Marcos Cardona, Marta 
245 1 0 |a Tributacin̤ de las clùsulas resolutorias en los contratos inmobiliarios  |h [Recurso electrn̤ico] /  |c Marta Marcos Cardona 
256 |a Servicio en ln̕ea 
260 |a Madrid:  |b Dykinson,  |c 2019 
300 |a 1 recurso electrn̤ico 
506 1 |a Disponible solo en los productos indicados  |d vLex Global  |d vLex Global (Academic Edition, excluding Law Schools)  |d vLex Global (U.S. Academic Edition, Law Schools)  |d vLex Global (U.S. Academic Edition, excluding Law Schools)  |d vLex Global (Academic Edition, Law Schools) 
650 0 4 |a Derecho Tributario  |z Espaą 
740 0 |a vLex Libros (Servicio en ln̕ea) 
856 4 0 |u http://vlex.com/source/tributacion-clausulas-resolutorias-contratos-inmobiliarios-31443  |z Acceso restringido 
942 |c BOOK 
999 0 |a Tax Law